000 00945cam a2200217 4500
001 WB3923-14
008 030618n2003 000 0 eng u
035 _a(Sirsi) u122660
245 _aFirms can deliver social inclusion
260 _c2003
490 _aRegeneration and Renewal
_v 13 June 2003, 9(1)
520 _aThe Neighbourhood Renewal Unit and the British Retail Consortium have released a report using case studies to illustrate how businesses can deliver both social and economic benefits as well as improve their competitiveness. The report, "Case studies: a good practice guide for businesses locating in deprived areas" is available to download at http://www.neighbourhood.gov.uk/publicationsdetail.asp?id=457
590 _aWB
650 _aDEPRIVED AREAS
650 _aURBAN REGENERATION
650 _aBUSINESSES
650 _aLOCAL COMMUNITIES
650 _aETHNIC MINORITIES
690 _aREGENERATION
942 _n0
999 _c72886
_d72886